000 00505nam a2200121Ia 4500
008 220620s9999||||xx |||||||||||||| ||und||
100 _aMarion Schneider||Nikolai V. Gorbunov
245 0 _aAutophagy in Current Trends in Cellular Physiology and Pathology
546 _aEnglish[eng]
650 _aLife Sciences||Microbiology||Genetics and Molecular Biology||Cytology||Biochemistry
856 _uhttps://www.intechopen.com/books/autophagy-in-current-trends-in-cellular-physiology-and-pathology
942 _cEB
999 _c32419
_d32419